000 00731nam a22001817a 4500
003 JO-AjAnu
005 20240909111012.0
008 240909b jo ||||| |||| 00| 0 ara d
022 _a978-977-5239-94-5
040 _aJO-AjAnu
_bARA
_cJO-AjAnu
041 _hARA
100 _aشيخ الشباب، عمر أحمد
_eمؤلف
_966172
245 _aمن الضرورة الى اللانهاية : التأويل في اللغة والترجمة
_c/ عمر احمد شيخ الشباب
260 _aالقاهرة:
_bدار البيان للنشر والتوزيع،
_c2017
300 _a242 صفحة
650 _vالتأويل-الترجمة-اللغة-الفلسفة-علم اللغة-علم الدلالة
942 _2lcc
_cBK
_n0
999 _c33664
_d33664